Antología / (Record no. 140716)

MARC details
000 -LEADER
campo de control de longitud fija 00785nam a2200253 i 4500
001 - NÚMERO DE CONTROL
campo de control 140716
003 - IDENTIFICADOR DE NÚMERO DE CONTROL
campo de control ES-MaACL
005 - FECHA Y HORA DE LA ÚLTIMA TRANSACCIÓN
campo de control 20251017115916.0
007 - CAMPO FIJO DE DESCRIPCIÓN FÍSICA--INFORMACIÓN GENERAL
campo de control de longitud fija t|
008 - DATOS DE LONGITUD FIJA--INFORMACIÓN GENERAL
campo de control de longitud fija 070914s1973 sp |||| | spa d
020 ## - NÚMERO INTERNACIONAL ESTÁNDAR DEL LIBRO
Número Internacional Estándar del Libro 84-01-81012-4
080 ## - NÚMERO DE LA CLASIFICACIÓN DECIMAL UNIVERSAL
Número de la Clasificación Decimal Universal 821.111(417)-14"19"
100 1# - ENTRADA PRINCIPAL--NOMBRE DE PERSONA
Nombre de persona Yeats, W. B.,
Fechas asociadas al nombre 1865-1939
9 (RLIN) 242374
245 10 - MENCIÓN DEL TÍTULO
Título Antología /
Mención de responsabilidad, etc. William Butler Yeats ; versión de Jaime Ferrán.
250 ## - MENCION DE EDICION
Mención de edición 1ª ed.
260 ## - PUBLICACIÓN, DISTRIBUCIÓN, ETC.
Lugar de publicación, distribución, etc. Barcelona :
Nombre del editor, distribuidor, etc. Plaza & Janés,
Fecha de publicación, distribución, etc. 1973.
300 ## - DESCRIPCIÓN FÍSICA
Extensión 127 p. ;
Dimensiones 20 cm.
490 1# - MENCIÓN DE SERIE
Mención de serie Selecciones de poesía universal
546 ## - NOTA DE IDIOMA
Nota de lengua/lenguaje Texto inglés y traducción al español.
700 1# - ENTRADA AGREGADA--NOMBRE PERSONAL
Nombre de persona Ferrán, Jaime,
Fechas asociadas al nombre 1928-
9 (RLIN) 50236
830 0# - PUNTO DE ACCESO ADICIONAL DE SERIE-TÍTULO UNIFORME
Título uniforme Selecciones de poesía universal
9 (RLIN) 187178
852 ## - LOCALIZACIÓN
Ubicación ES-MaACL
Número de control de estantería C-53032
Holdings
Estatus retirado Estado de pérdida Estado de daño No para préstamo Biblioteca de origen Biblioteca actual Ubicación en estantería Fecha de adquisición Fuente de adquisición Total de préstamos Signatura topográfica completa Código de barras Visto por última vez Precio de reemplazo Tipo de ítem Koha
        Biblioteca del Ateneo de Madrid Biblioteca del Ateneo de Madrid Depósito 2 17/01/2008     C-53032 1146430 23/02/2023 23/02/2023 Libro impreso